Catálogo
 En Linea

Floreo : (Registro nro. 7967)

Detalles MARC
000 -CABECERA
campo de control de longitud fija 00837nam a2200277 i 4500
001 - NÚMERO DE CONTROL
campo de control 000008193
003 - IDENTIFICADOR DEL NÚMERO DE CONTROL
campo de control DO-SdBNP
005 - FECHA Y HORA DE LA ÚLTIMA TRANSACCIÓN
campo de control 20260202105356.0
007 - CAMPO FIJO DE DESCRIPCIÓN FÍSICA--INFORMACIÓN GENERAL
campo de control de longitud fija ta
008 - DATOS DE LONGITUD FIJA--INFORMACIÓN GENERAL
campo de control de longitud fija 090915s1978 dr 000 j spa d
040 ## - FUENTE DE LA CATALOGACIÓN
Centro catalogador/agencia de origen DO-SdBNP
Lengua de catalogación spa
Centro/agencia transcriptor BNPHU
Normas de descripción rda
041 ## - CÓDIGO DE LENGUA
Código de lengua del texto/banda sonora o título independiente spa
082 #4 - NÚMERO DE LA CLASIFICACIÓN DECIMAL DEWEY
Número de clasificación RD863.44
Número de documento/Ítem R572f
Número de edición 22
100 1# - ENTRADA PRINCIPAL--NOMBRE DE PERSONA
Nombre de persona Rijo, José,
Fechas asociadas al nombre 1915-
Término indicativo de función/relación autor
9 (RLIN) 22231
Código de función/relación aut.
245 10 - MENCIÓN DE TÍTULO
Título Floreo :
Resto del título cuentos /
Mención de responsabilidad, etc. José Rijo.
264 ## - PRODUCCIÓN, PUBLICACIÓN, DISTRIBUCIÓN, FABRICACIÓN Y COPYRIGHT
Producción, publicación, distribución, fabricación y copyright Santo Domingo, República Dominicana :
Nombre del de productor, editor, distribuidor, fabricante Editora Colonial,
Fecha de producción, publicación, distribución, fabricación o copyright 1978.
300 ## - DESCRIPCIÓN FÍSICA
Extensión 92 páginas ;
Dimensiones 21 cm.
336 ## - TIPO DE CONTENIDO
Término de tipo de contenido rdacontent
Código de tipo de contenido texto
Fuente txt
337 ## - TIPO DE MEDIO
Nombre/término del tipo de medio rdamedia
Código del tipo de medio sin mediación
Fuente n
338 ## - TIPO DE SOPORTE
Nombre/término del tipo de soporte rdacarrier
Código del tipo de soporte volumen
Fuente nc
590 ## - NOTA LOCAL (RLIN)
Nota local Inventariado, 2019/VM
650 #0 - PUNTO DE ACCESO ADICIONAL DE MATERIA--TÉRMINO DE MATERIA
Término de materia o nombre geográfico como elemento de entrada Cuentos dominicanos
9 (RLIN) 176
650 #0 - PUNTO DE ACCESO ADICIONAL DE MATERIA--TÉRMINO DE MATERIA
Término de materia o nombre geográfico como elemento de entrada Literatura dominicana.
9 (RLIN) 67
910 ## - DATOS DE OPCIÓN DEL USUARIO (OCLC)
Datos de opción del usuario Validado. Control de calidad MFF
942 ## - ELEMENTOS DE PUNTO DE ACCESO ADICIONAL (KOHA)
Fuente del sistema de clasificación o colocación Dewey Decimal Classification
Tipo de ítem Koha Libro
Existencias
Estado de retiro Estado de pérdida Fuente del sistema de clasificación o colocación Restricciones de uso No para préstamo Código de colección Localización permanente Ubicación/localización actual Ubicación en estantería Fecha de adquisición Total de préstamos Signatura topográfica completa Código de barras Fecha visto por última vez Número de copia Precio válido a partir de Tipo de ítem Koha Fuente de adquisición
    Dewey Decimal Classification Préstamo en sala   Dominicana de Servicio Biblioteca Nacional Pedro Henríquez Ureña Biblioteca Nacional Pedro Henríquez Ureña Depósito 19.11.2009   BNPHU DS RD863.44 R572f 8193-30 25.06.2020 e.3 25.06.2020 Libro  
    Dewey Decimal Classification Préstamo en sala   Dominicana de Servicio Biblioteca Nacional Pedro Henríquez Ureña Biblioteca Nacional Pedro Henríquez Ureña Depósito 19.11.2009   BNPHU DS RD863.44 R572f 8193-40 25.06.2020 e.4 25.06.2020 Libro  
    Dewey Decimal Classification Excluido de préstamo   Patrimonio Dominicano Biblioteca Nacional Pedro Henríquez Ureña Biblioteca Nacional Pedro Henríquez Ureña Depósito 15.09.2009   BNPHU PD RD863.44 R572f 8193-10 25.06.2020   25.06.2020 Libro  
    Dewey Decimal Classification Excluido de préstamo   Patrimonio Dominicano Biblioteca Nacional Pedro Henríquez Ureña Biblioteca Nacional Pedro Henríquez Ureña Depósito 19.11.2009   BNPHU PD RD863.44 R572f 8193-20 25.06.2020 e.2 25.06.2020 Libro  
    Dewey Decimal Classification Préstamo en sala   Dominicana de Servicio Biblioteca Nacional Pedro Henríquez Ureña Biblioteca Nacional Pedro Henríquez Ureña Depósito 14.01.2026   BNPHU DS RD863.44 R572f 2026-0033 14.01.2026 e.5 14.01.2026 Libro Donación

Con tecnología Koha